01577nam a2200361 a 4500001001000000003000500010005001700015008004100032010001100073011001100084040000900095090001000104100004100114245013300155260004100288500006000329502009500389590004100484590004000525590004000565590004000605650004500645650004500690650005700735650004500792856007000837901000700907942001000914942000600924999001900930952013100949952013501080000113973CHAP20220329144421.0171016s2017 mx sm |||||||spa d a110434 a111406 cCHAP aTesis1 aXicotencatl Lozano, Michelle913376110aContribución al conocimiento etnobotánico de Jatropha elbae J. Jiménez Ramh[En línea]cpor Michelle Xicotencatl Lozano. aChapingo, Méx. :bEl autor,c2017. aPara ver el contenido del material haga clic en la liga aTesis (M.C. en Ciencias en Biotecnología Agrícola) -- UACH. Departamento de Fitotecnia aBATCH-UPDb05c20171016lUCH01h1048 aE6339RRRb05c20171016lUCH01h1047 aE6339RRRb05c20171016lUCH01h1048 aE6339RRRb05c20171016lUCH01h105114aAceites vegetales como combustible.946414aJatropha elbaexAprovechamiento.913376314aJatropha elbaexFisiología y morfología.913376414aJatropha elbaexValor nutritivo.9133762 aFinding aiduhttp://10.13.5.2/tesis/sist113973.pdfzTeclea aquí aBK cTESIS n0 c110434d110434 00104054718TESISaBCbBCd2017-10-16fTESISl0oTesisp113974-10r2019-12-31 00:00:00w2019-12-31yTESISzRecien adquirido 00102local4053708TESISaBCbBCcPA_TESISd2017-10-16fTESISl0oTesisp113974-20r2019-12-31 00:00:00tc.2w2019-12-31yTESIS